ბათუმის შოთა რუსთაველის სახელმწიფო უნივერსიტეტის ბიბლიოთეკა

ნანოტექნოლოგია და ახალი მასალები (ბიბ.ჩანაწერი № 49320)

000 -LEADER
fixed length control field 00920nam a2200265Ia 4500
001 - CONTROL NUMBER
control field 16236
003 - CONTROL NUMBER IDENTIFIER
control field GE_BSU
008 - FIXED-LENGTH DATA ELEMENTS--GENERAL INFORMATION
fixed length control field 181216s||||||||xx |||||||||||||| ||und||
020 ## - INTERNATIONAL STANDARD BOOK NUMBER
International Standard Book Number 9789941132056
040 ## - CATALOGING SOURCE
Transcribing agency GE_BSU
080 ## - UNIVERSAL DECIMAL CLASSIFICATION NUMBER
Universal Decimal Classification number 620.5
100 ## - MAIN ENTRY--PERSONAL NAME
Personal name ბიბილაშვილი,ამირან
245 ## - TITLE STATEMENT
Title ნანოტექნოლოგია და ახალი მასალები
245 ## - TITLE STATEMENT
Remainder of title სახელმძღვ.
245 ## - TITLE STATEMENT
Statement of responsibility, etc. რედ: ა.გერასიმოვი
260 ## - PUBLICATION, DISTRIBUTION, ETC.
Place of publication, distribution, etc. თბილისი
260 ## - PUBLICATION, DISTRIBUTION, ETC.
Name of publisher, distributor, etc. თბილისის უნ-ტის გამ-ბა.
260 ## - PUBLICATION, DISTRIBUTION, ETC.
Date of publication, distribution, etc. 2011
300 ## - PHYSICAL DESCRIPTION
Extent 188გვ;27სმ
300 ## - PHYSICAL DESCRIPTION
Other physical details ბიბლიოგრ.: გვ. 188
653 ## - INDEX TERM--UNCONTROLLED
Uncontrolled term ნანოტექნოლოგია და ახალი მასალები
653 ## - INDEX TERM--UNCONTROLLED
Uncontrolled term ტექნიკა
942 ## - ADDED ENTRY ELEMENTS (KOHA)
Koha item type წიგნი
ეგზემპლარები
Withdrawn status Lost status Damaged status Not for loan Date acquired Barcode Date last seen Price effective from Koha item type
        2018-12-17 40243 2018-12-17 2018-12-17 წიგნი
        2018-12-17 40244 2018-12-17 2018-12-17 წიგნი